| 000 | 00494nam a2200181Ia 4500 | ||
|---|---|---|---|
| 003 | GCL | ||
| 008 | 140319s9999 xx 000 0 eng d | ||
| 040 |
_aGCL / _cGCL |
||
| 082 | 0 | 4 |
_a172 _bN D |
| 100 | 1 | _aNORTON, DAVID | |
| 245 | 1 | 0 |
_aDEMOCRACY AND MORAL DEVELOPMENT / _cNORTON, DAVID |
| 260 |
_a[S.N] : _bUNIVERSITY OF CALIFORNIA PRESS ، _c1991 |
||
| 300 | _a198 P | ||
| 650 | 0 | 4 | _aPOLITICAL ETHICS - HISTORY |
| 650 | 0 | 4 | _aETHICS COMPARATIVE |
| 650 | 0 | 4 | _aETHICS, GREEK |
| 942 |
_2ddc _cBK |
||
| 999 |
_c11802 _d11802 |
||